F1 Driver First Names - 2026 - Statistics

General Stats
  • This quiz has been taken 249 times
  • The average score is 18 of 22
Answer Stats
Hint Answer % Correct
Red Bull Max
97%
McLaren Lando
96%
Ferrari Lewis
96%
McLaren Oscar
96%
Ferrari Charles
95%
Mercedes George
95%
Mercedes Kimi
94%
Williams Carlos
85%
Racing Bulls Liam
84%
Aston Martin Fernando
82%
Aston Martin Lance
81%
Williams Alexander
80%
Haas Oliver
79%
Audi Nico
75%
Alpine Pierre
75%
Red Bull Isack
73%
Cadillac Valtteri
69%
Haas Esteban
67%
Audi Gabriel
66%
Cadillac Sergio
64%
Alpine Franco
60%
Racing Bulls Arvid
59%
No matching quizzes found
Score Distribution
Percent of People with Each Score
Percentile by Number Answered
Your Score History
You have not taken this quiz